000
00320nam a2200145Ia 4500
008
191201s2012 xx 000 0 und d
082
_a
526.9
_b
DUS
100
_a
DUGGAL, S.K
245
0
_a
Surveying Vol-1
250
_a
Rep
260
_a
N. Delhi
_b
TMH
_c
2012
300
_a
612
650
_a
B.Tech(CE)
942
_2
ddc
_c
BK
999
_c
5303
_d
5303